| 000 | 00448nam a2200169Ia 4500 | ||
|---|---|---|---|
| 005 | 20250508153103.0 | ||
| 008 | 008 250505s9999 xx 000 0 eng d | ||
| 037 | _aTextual | ||
| 040 |
_aFEDL _beng _cFEDL |
||
| 041 |
_aeng _2eng |
||
| 084 |
_aB, TOL _qFEDL |
||
| 245 | 0 | _aTolstoi's Moscow home | |
| 260 |
_aMoscow _bForeign Languages Publishing House _c1957 |
||
| 300 | _a83p | ||
| 942 |
_cTEXL _hB, TOL |
||
| 999 |
_c1340627 _d1340627 |
||